| LEADER 00000nam 2200000uu 4500 |
| 001 213974 |
| 003 ULIBM |
| 008 230910s||||||||th 000 0 tha d |
| 020 ^a9780323749794
|
| 041 ^aeng
|
| 060 04 ^aWY20.5^bG779b 2021
|
| 100 1 ^aGray, Jennifer R.
|
| 245 14 ^aThe practice of nursing research :^bappraisal, synthesis,and generation of evidence /^cJennifer R. Gray, Susan K. Grove.
|
| 250 ^a9th ed.
|
| 260 ^aSt. Louis, Miss. :^bElsevier,^cc2021.
|
| 300 ^axviii, 859 p. :^bill.;^c25 cm.
|
| 504 ^aIncludes bibliographical references and index
|
| 650 0 ^aNursing^xResearch^xMethodology
|
| 650 0 ^aEvidence-based nursing
|
| 650 2 ^aNursing Research
|
| 650 2 ^aEvidence-Based Medicine
|
| 700 1 ^aGrove, Susan K.
|
| 999 ^aใช้งานได้ทุกระบบ
|